<?xml version="1.0" encoding="UTF-8"?>
<record
    xmlns:xsi="http://www.w3.org/2001/XMLSchema-instance"
    xsi:schemaLocation="http://www.loc.gov/MARC21/slim http://www.loc.gov/standards/marcxml/schema/MARC21slim.xsd"
    xmlns="http://www.loc.gov/MARC21/slim">

  <leader>00857nam a2200217 i 4500</leader>
  <controlfield tag="001">63440</controlfield>
  <controlfield tag="003">ES-MaACL</controlfield>
  <controlfield tag="005">20251011110840.0</controlfield>
  <controlfield tag="007">t|</controlfield>
  <controlfield tag="008">031210s1972    sp            00110dspa</controlfield>
  <datafield tag="080" ind1=" " ind2=" ">
    <subfield code="a">929 Conde de Aranda</subfield>
  </datafield>
  <datafield tag="100" ind1="1" ind2=" ">
    <subfield code="a">Ferrer Benimeli, Jos&#xE9; A.</subfield>
    <subfield code="9">50445</subfield>
  </datafield>
  <datafield tag="245" ind1="1" ind2="3">
    <subfield code="a">El conde Aranda y su defensa de Espa&#xF1;a : </subfield>
    <subfield code="b">refutaci&#xF3;n del "Viaje de F&#xED;garo a Espa&#xF1;a" / </subfield>
    <subfield code="c">Jos&#xE9; Antonio Ferrer Benimeli ; pr&#xF3;logo del Dr. Carlos E. Corona.</subfield>
  </datafield>
  <datafield tag="260" ind1=" " ind2=" ">
    <subfield code="a">Zaragoza : </subfield>
    <subfield code="b">Departamento de Historia Contempor&#xE1;nea de la Universidad de Zaragoza, </subfield>
    <subfield code="c">1972.</subfield>
  </datafield>
  <datafield tag="300" ind1=" " ind2=" ">
    <subfield code="a">192 p. : </subfield>
    <subfield code="b">il. ; </subfield>
    <subfield code="c">24 cm.</subfield>
  </datafield>
  <datafield tag="600" ind1="1" ind2="4">
    <subfield code="a">Aranda, Pedro Pablo Abarca de Bolea,  </subfield>
    <subfield code="c">Conde de, </subfield>
    <subfield code="d">1719-1798</subfield>
    <subfield code="9">22282</subfield>
  </datafield>
  <datafield tag="700" ind1="1" ind2=" ">
    <subfield code="a">Corona Baratech, Carlos E.</subfield>
    <subfield code="9">172245</subfield>
  </datafield>
  <datafield tag="710" ind1="2" ind2=" ">
    <subfield code="a">Universidad de Zaragoza</subfield>
    <subfield code="9">7352</subfield>
  </datafield>
  <datafield tag="852" ind1="4" ind2=" ">
    <subfield code="a">ES-MaACL</subfield>
    <subfield code="j">C-43112</subfield>
  </datafield>
  <datafield tag="999" ind1=" " ind2=" ">
    <subfield code="c">63440</subfield>
    <subfield code="d">63440</subfield>
  </datafield>
  <datafield tag="952" ind1=" " ind2=" ">
    <subfield code="0">0</subfield>
    <subfield code="1">0</subfield>
    <subfield code="4">0</subfield>
    <subfield code="7">0</subfield>
    <subfield code="a">ATENEOM</subfield>
    <subfield code="b">ATENEOM</subfield>
    <subfield code="c">DEPO2</subfield>
    <subfield code="d">2008-01-17</subfield>
    <subfield code="e">SC</subfield>
    <subfield code="l">0</subfield>
    <subfield code="o">C-43112</subfield>
    <subfield code="p">1066496</subfield>
    <subfield code="r">2023-02-23 00:00:00</subfield>
    <subfield code="w">2023-02-23</subfield>
    <subfield code="y">MONOGRAFIA</subfield>
  </datafield>
</record>
